| 000 | 01705cam a22004094i 4500 | ||
|---|---|---|---|
| 003 | PE-LiUPU | ||
| 005 | 20250731173207.0 | ||
| 008 | 150625s1989 xxu r 000 0 eng d | ||
| 035 | _a(Sirsi) a31569 | ||
| 040 |
_aPE-LiUPU _bspa _cPE-LiUPU _erda |
||
| 082 | 0 | 4 |
_a221.48 _bB23 _221 |
| 100 | 1 |
_aBarclay Swete, Henry, _eautor. |
|
| 245 | 1 | 3 |
_aAn introduction to the old testament in greek / _cHenry Barclay Swete. |
| 264 | 1 |
_aMassachusetts : _bHendrickson, _c1989. |
|
| 300 |
_a626 páginas ; _c19 centímetros |
||
| 336 |
_atext _2rdacontent |
||
| 337 |
_aunmediated _2rdamedia |
||
| 338 |
_avolume _2rdacarrier |
||
| 505 | 0 | _aThe Alexandrian Greek Version -- Later Greck Versions -- The Hexapla, and the hexaplaric and other recensions of the Septuagint -- Ancient Version based upon the Septuagint -- Manuscrpits of the Septuagint -- Printed texts of the Septuagint -- Titles, Groupin, number and order of the books -- Books of the hebrew canon -- The Greek of the septuagint -- The septuagint as a version. | |
| 526 | _aSEG42 | ||
| 526 | _aSEG41 | ||
| 526 | _aSEG40 | ||
| 526 | _aSEG39 | ||
| 526 | _aP94 | ||
| 526 | _aP87 | ||
| 526 | _aP86 | ||
| 526 | _aP85 | ||
| 526 | _aP77 | ||
| 526 | _aP76 | ||
| 526 | _aP35 | ||
| 630 |
_aBiblia _pA.T. _xHistoria. |
||
| 942 |
_2ddc _cBOOK |
||
| 949 |
_a221.48 B23 _wDEWEY _c1 _i38022 _lCCODEBUL1 _mBUL _p33.00 _r0 _sY _tBOOK _u2015-06-25 _xBIBLIOTECA _zUNKNOWN _0COMPRA _o.STAFF. Colección Teología |
||
| 596 | _a1 | ||
| 999 |
_a221.48 B23 _wDEWEY _c39132 _i38022 _f2021-11-9 _g5 _lCCODEBUL1 _mBUL _p33.00 _r0 _sY _tBOOK _u2015-6-25 _xTEOLOGIA _PP35 _0COMPRA _o.STAFF. Colección Teología _d39132 |
||
| 980 |
_81 _gALBERTO SANCHEZ Responsable de Automatización |
||